000 00283nam a2200109Ia 4500
008 220216s9999 xx 000 0 und d
245 0 _aOff-specification rubber-problems and some solutions
260 _bPlanters Bulletin
_c1972
300 _a149-156
650 _aRubber
942 _cJS
999 _c64317
_d64317